000 00604nam a2200193Ia 4500
003 0100
005 20150407170308.0
008 130303s9999 xx 000 0 und d
040 _cARRUPELIB
050 _aBX3756.K67A3 2002
100 _aKorec, Jan Chryzostom Cardinal
_916588
245 4 _aThe night of the Barbarians
245 _bmemoirs of the communist persecution of the Slovak Cardinal
260 _aWauconda
_bBolchazy, Carducci Publishers
_c2002
300 _axxxvi
300 _b 475p. 21cm.
650 _bCatholic church
_916589
_xSlovakia
_xBishops
_xBiography
942 _2lcc
_cMONOGRAPH
999 _c61671
_d61671